000
00283nam a2200109Ia 4500
008
221009s9999 xx 000 0 und d
082
_a
170/BAN
100
_a
Bandyopadhyay,Tirthanath
_9
81328
245
0
_a
Kantian Ethics A Brief Introduction
260
_b
Ebang Mushayera
942
_c
BK
999
_c
64901
_d
64901